Bytový dom

Salvato in:
Dettagli Bibliografici
Autore principale: Čečotka, Martin (Autore)
Altri autori: Hraška, Jozef (Relatore della tesi)
Natura: Manoscritto Libro
Lingua:slovacco
Pubblicazione: 2020
Soggetti:
Accesso online:http://is.stuba.sk/zp/portal_zp.pl?podrobnosti=136751
https://opac.crzp.sk/?fn=detailBiblioForm&sid=551040C4B46A551A4266FEC2BF23
Tags: Aggiungi Tag
Nessun Tag, puoi essere il primo ad aggiungerne!!

MARC

LEADER 00000ntm a22000003a 4500
001 stuzp79016
003 SK-STU
005 20230516141111.6
007 ta
008 150427s2015----xo-----f-mn---000-0-slo-d
040 |a STU  |b slo 
041 0 |a slo 
100 1 |a Čečotka, Martin  |u 010180  |4 aut  |U SvF Stavebná fakulta  |T SvF Katedra konštrukcií pozemných stavieb  |X 87355  |U V180  |Y 18  |7 87355 
242 0 1 |a Residential house  |y eng 
245 1 0 |a Bytový dom 
260 |c 2020 
650 4 |a záverečná práca  |2 slo 
650 4 |a bytový dom  |2 slo 
650 4 |a stavebná tepelná technika  |2 slo 
650 4 |a realizačný projekt  |2 slo 
650 4 |a the apartment house  |2 eng 
650 4 |a bachelor thesis  |2 eng 
650 4 |a thermal performance of buildings  |2 eng 
650 4 |a implementation project  |2 eng 
700 1 |a Hraška, Jozef  |u 010180  |k Z1  |4 ths  |U SvF Stavebná fakulta  |T SvF Katedra konštrukcií pozemných stavieb  |X 899  |U V180  |Y 18  |7 A000000899 
856 4 |u http://is.stuba.sk/zp/portal_zp.pl?podrobnosti=136751 
856 4 |u https://opac.crzp.sk/?fn=detailBiblioForm&sid=551040C4B46A551A4266FEC2BF23